Foment de l'ocupació als ens locals : guia per a la detecció i l'anàlisi de bones pràctiques / [autors: Gilda Farrell i Samuel Thirion] guia per a la detecció i l'anàlisi de bones pràctiques / [autors:
ISBN:
8477946493
Descripción Física:
48 p. : il., quadres ; 30 cm
Otros Autores:
Thirion, Samuel
MARC
| LEADER | 00000nam a2200000Ia 4500 | ||
|---|---|---|---|
| 001 | 23989 | ||
| 008 | 160829s1999 xx 000 0 cat d | ||
| 020 | |a 8477946493 | ||
| 080 | |a FU-63-16 | ||
| 100 | |a Farrell, Gilda |9 35864 | ||
| 245 | |a Foment de l'ocupació als ens locals : |b guia per a la detecció i l'anàlisi de bones pràctiques / [autors: |b Gilda Farrell i Samuel Thirion] | ||
| 260 | |a [Barcelona] : |b Diputació de Barcelona, Àrea de Promoció Econòmica, |c 1999 | ||
| 300 | |a 48 p. : |b il., quadres ; |c 30 cm | ||
| 650 | 0 | |a Ocupació |z Barcelona (Catalunya : Província) |9 36139 | |
| 650 | |a Municipis |x Barcelona (Província) |9 41310 | ||
| 700 | |a Thirion, Samuel |9 35865 | ||
| 710 | 1 | |a Barcelona (Catalunya : Província). |b Àrea de Promoció Econòmica |9 55033 | |
| 901 | |a Arxiu | ||
| 942 | |n 1 | ||
| 952 | |0 0 |1 0 |4 0 |6 FU6316 |7 1 |9 55615 |a Arxiu |b Arxiu |d 2016-12-01 |l 0 |o FU-63-16 |p 23989 |r 2016-12-01 00:00:00 |w 2016-12-01 |y ARXIU | ||
| 999 | |c 59488 |d 59488 | ||